[Event "TOP16-LaBourdannais"]
[Site "TOP16-LaBourdannais"]
[Date "2021.01.09"]
[Round "3"]
[White "Yvesandre2"]
[Black "Babota"]
[Result "1-0"]
[WhiteElo "2331"]
[BlackElo "1620"]
[Annotator "TA"]
[PlyCount "43"]
[EventDate "2021.01.09"]
[EventType "blitz"]

{[%evp 10,43,24,30,15,14,21,22,32,43,54,25,61,24,37,36,46,34,40,14,34,54,48,42,52,54,101,42,127,110,210,172,157,162,640,631]} 1. d4 d5 2. c4 c6 3. Nc3 Nf6 4. e3 Bf5 5. cxd5 cxd5 6. Qb3 Nc6 {D10: Slav Defence: 3 cxd5 (without early Nf3) and 3 Nc3.} 7. Qxb7 Bd7 $1 {White should prevent ...Rb8.} 8. Qb3 e5 {The position is equal.} 9. dxe5 Nxe5 10. Be2 Bd6 11. Nf3 (11. f4 $5 {[%cal Rf4e5]} Rb8 12. Qd1 $14) 11... O-O 12. O-O Rb8 13. Qd1 Qc7 {Black wants to play ...Nxf3+.} 14. h3 Rfd8 {[#]} 15. Nd4 $146 ({Predecessor:} 15. a4 Rb4 16. Nb5 Bxb5 17. axb5 Ne4 18. Ra4 Nxf3+ 19. Bxf3 Rxb5 20. Rd4 Be5 21. Bxe4 Bxd4 {1-0 (98) Blagojevic,D (2540)-Bogosavljevic,B (2618) Belgrade 2016}) 15... Nc4 16. Qc2 Rdc8 17. Rd1 Qd8 18. Bf3 ({White should play} 18. Bxc4 $16 Rxc4 19. b3) 18... g6 (18... Bb4 $14) 19. Qe2 ({Worse is} 19. Nxd5 Nxd5 20. Bxd5 {[#]} Nxe3 $1 $15) 19... Qe7 (19... Ne5 $16) 20. Nxd5 Nxd5 21. Bxd5 Qe5 $2 {[#]} (21... Nb6) 22. Nf3 {Weighted Error Value: White=0.14/Black=0.60} 1-0

[Event "TOP16-LaBourdannais"]
[Site "TOP16-LaBourdannais"]
[Date "2021.01.09"]
[Round "3"]
[White "Risso"]
[Black "Soumcouy"]
[Result "0-1"]
[WhiteElo "1981"]
[BlackElo "2072"]
[Annotator "TA"]
[PlyCount "118"]
[EventDate "2021.01.09"]
[EventType "blitz"]

{[%evp 15,118,8,20,0,0,0,9,-28,-19,-53,-43,-66,-16,-22,-3,-57,-50,-47,38,-2,-2,-2,-2,-2,-2,-2,-2,-4,0,0,0,-2,0,-8,-7,-17,-8,-7,-7,-7,-7,-5,12,24,47,-8,-19,-20,-9,-76,-56,-42,-36,-518,-514,-489,-479,-476,-462,-368,0,0,0,0,0,-8,-8,-223,-208,-1329,-1210,-868,0,-8,0,0,0,0,0,0,-8,-29956,-29953,-29954,-29950,-29965,-29966,-29961,-29957,-29962,-29957,-29955,-29953,-6214,-5901,-5106,-4134,-29982,-29983,-29983,-29984,-29983,-29984,-29984,-29985]} 1. Nf3 c5 2. e4 e6 3. d3 Nc6 4. g3 d6 5. Bg2 Nf6 6. O-O Be7 7. Re1 O-O 8. c3 e5 9. d4 {B30: Sicilian: 2...Nc6 3 Bb5, lines without ...g6.} cxd4 10. cxd4 Bg4 {[#]} 11. dxe5 $146 {The position is equal.} (11. d5 $5 {[%cal Rd5c6]} Nd4 12. Be3 $11) ({Predecessor:} 11. d5 Nd4 12. Be3 Nxf3+ 13. Bxf3 Bxf3 14. Qxf3 Qa5 15. Nc3 Rfc8 16. Bd2 Nd7 17. Qe2 Qa6 18. Kf1 {1-0 (34) Teterev,V (2504)-Poloch,P (2301) Ceske Budejovice 2016}) 11... dxe5 {White should prevent ...Qxd1.} 12. Qxd8 Rfxd8 13. Nc3 Rd3 14. Be3 Rad8 15. h3 (15. Rec1 $11) 15... Bxf3 $15 16. Bxf3 Nb4 ({Better is} 16... Nd4 $15 17. Bxd4 R8xd4) 17. Rad1 Nc2 18. Rxd3 Rxd3 19. Rd1 Rxd1+ 20. Nxd1 Nxe3 21. Nxe3 $11 {[%mdl 4096] Endgame KBN-KBN} Bc5 22. Nc4 Bd4 23. b3 Kf8 24. Kf1 Ke7 25. Na5 b5 26. Nc6+ Kd6 27. Nxd4 exd4 {KB-KN} 28. Ke2 Kc5 29. Kd3 Nd7 {White must now prevent ...Ne5+.} 30. Bg2 (30. b4+ $14 Kxb4 31. Kxd4) 30... Ne5+ 31. Kd2 g5 32. a3 (32. Bf1 $1 $11) 32... b4 $1 $17 {[%cal Rb4a3]} 33. a4 h5 34. f4 $2 {[%mdl 8192]} (34. h4 $15 f6 35. a5) 34... gxf4 $19 35. gxf4 Ng6 36. f5 Nf4 {[%cal Rf4g2]} 37. Bf3 Kd6 $2 (37... h4 $19 38. e5 Nxh3) 38. h4 $11 Ke5 39. Kc2 d3+ 40. Kd2 Kd4 $1 41. Bh1 $2 (41. a5 $11 {and White stays safe.}) 41... Ne2 $1 $19 {[%cal Re2g3]} 42. Bf3 $2 (42. e5 Kxe5 43. Kxd3) 42... Ng3 43. e5 Kxe5 $2 (43... Nxf5 $19 44. Bxh5 Nxh4) 44. Kxd3 $11 Kf4 45. Bd1 Kxf5 46. Kc4 Ke4 47. Kxb4 f5 48. Ka5 $2 {[%mdl 8192]} (48. Kc5 $11) 48... f4 49. Ka6 Ke3 $1 50. b4 Ne2 $1 51. Bb3 f3 52. Bd5 f2 53. Bg2 Nf4 54. Bf1 {[#]} Kd2 $1 {[%cal Rd2e1]} 55. b5 Ke1 56. Kxa7 Kxf1 {Black mates.} 57. b6 Ne6 58. b7 {[#]} Nd8 $1 59. b8=Q Nc6+ {[%mdl 64] Double Attack.  Weighted Error Value: White=0.77/Black=0.28} 0-1

[Event "TOP16-LaBourdannais"]
[Site "TOP16-LaBourdannais"]
[Date "2021.01.09"]
[Round "3"]
[White "Burrito2001"]
[Black "Lasker69"]
[Result "1-0"]
[WhiteElo "1904"]
[BlackElo "2540"]
[Annotator "NA RC"]
[PlyCount "63"]
[EventDate "2021.01.09"]
[EventType "blitz"]

1. d4 {[%emt 0:00:02] Lasker69 kibitzing!? Restarted B (13.22e) OK White restart ok.} d5 {[%emt 0:00:02]} 2. c4 {[%emt 0:00:04]} c6 {[%emt 0:00:02]} 3. cxd5 {[%emt 0:00:01]} cxd5 {[%emt 0:00:01]} 4. Nc3 {[%emt 0:00:00]} Nf6 {[%emt 0:00:01]} 5. Nf3 {[%emt 0:00:00]} a6 {[%emt 0:00:04]} 6. Bf4 {[%emt 0:00:01]} Bf5 {[%emt 0:00:03]} 7. e3 {[%emt 0:00:06]} Nc6 {[%emt 0:00:02]} 8. Rc1 {[%emt 0:00:24]} Rc8 {[%emt 0:00:22]} 9. Ne5 {[%emt 0:00:08]} Qb6 {[%emt 0:00:49]} 10. Bd3 {[%emt 0:01:26]} Bxd3 {[%emt 0:00:42]} 11. Nxd3 {[%emt 0:00:02]} e6 {[%emt 0:00:22]} 12. O-O {[%emt 0:00:03]} Be7 {[%emt 0:00:02]} 13. Na4 {[%emt 0:00:02]} Qa7 {[%emt 0:00:12]} 14. Qb3 {[%emt 0:00:14]} O-O {[%emt 0:00:38]} 15. Qb6 {[%emt 0:00:58]} Qa8 {[%emt 0:00:12]} 16. Ndc5 {[%emt 0:00:07]} Nd8 {[%emt 0:00:29]} 17. Qb3 {[%emt 0:00:29]} Bxc5 {[%emt 0:00:05]} 18. dxc5 {[%emt 0:00:09]} Nd7 {[%emt 0:00:04]} 19. Bd6 {[%emt 0:00:03]} Re8 {[%emt 0:00:02]} 20. Nb6 {[%emt 0:00:11]} Nxb6 {[%emt 0:00:02]} 21. cxb6 {[%emt 0:00:00]} Rxc1 {[%emt 0:00:03]} 22. Rxc1 {[%emt 0:00:05]} f6 {[%emt 0:00:13]} 23. Rc7 {[%emt 0:00:23]} Nf7 {[%emt 0:00:04]} 24. Bg3 {[%emt 0:00:01]} Rc8 {[%emt 0:00:06]} 25. Qc2 {[%emt 0:00:13]} Rd8 {[%emt 0:00:25]} 26. Qc5 {[%emt 0:00:02]} Re8 {[%emt 0:00:05]} 27. a4 {[%emt 0:00:08]} h6 {[%emt 0:00:11]} 28. a5 {[%emt 0:00:01]} g5 {[%emt 0:00:33]} 29. h4 {[%emt 0:00:01]} Kg7 {[%emt 0:00:17]} 30. h5 {[%emt 0:00:04]} Kg8 {[%emt 0:00:02]} 31. Qc2 {[%emt 0:00:02]} Nh8 {[%emt 0:00:09]} 32. Qh7+ {[%emt 0:00:02] Lasker69 resigns (Lag: Av=0.79s, max=1.2s)} 1-0

[Event "TOP16-LaBourdannais"]
[Site "TOP16-LaBourdannais"]
[Date "2021.01.09"]
[Round "3"]
[White "Pierre35"]
[Black "maten3coups"]
[Result "1-0"]
[WhiteElo "1865"]
[BlackElo "1620"]
[Annotator "NA RC"]
[PlyCount "63"]
[EventDate "2021.01.09"]
[EventType "blitz"]
[TimeControl "300+3"]

1. e4 {[%emt 0:00:07]} c5 {[%emt 0:00:05]} 2. Nf3 {[%emt 0:00:02]} Nc6 {[%emt 0:00:06]} 3. d4 {[%emt 0:00:04]} cxd4 {[%emt 0:00:00]} 4. Nxd4 {[%emt 0:00:01]} Nf6 {[%emt 0:00:09]} 5. Nc3 {[%emt 0:00:03]} d6 {[%emt 0:00:07]} 6. Bg5 {[%emt 0:00:04]} e6 {[%emt 0:00:03]} 7. Qd2 {[%emt 0:00:02]} Nxd4 {[%emt 0:00:01]} 8. Qxd4 {[%emt 0:00:03]} a6 {[%emt 0:00:01]} 9. O-O-O {[%emt 0:00:03]} Be7 {[%emt 0:00:01]} 10. f4 {[%emt 0:00:23]} O-O {[%emt 0:00:11]} 11. Kb1 {[%emt 0:00:26]} b5 {[%emt 0:00:06]} 12. Bd3 {[%emt 0:00:08]} Bb7 {[%emt 0:00:06]} 13. e5 {[%emt 0:00:17]} dxe5 {[%emt 0:00:06]} 14. Qxd8 {[%emt 0:00:05]} Bxd8 {[%emt 0:00:27]} 15. fxe5 {[%emt 0:00:01]} Ng4 {[%emt 0:00:03]} 16. Bxd8 {[%emt 0:01:28]} Raxd8 {[%emt 0:00:03]} 17. Rhe1 {[%emt 0:00:24]} Bxg2 {[%emt 0:01:32]} 18. a4 {[%emt 0:01:03]} b4 {[%emt 0:00:22]} 19. Ne4 {[%emt 0:00:03]} Bxe4 {[%emt 0:00:08]} 20. Bxe4 {[%emt 0:00:08]} Rxd1+ {[%emt 0:00:41]} 21. Rxd1 {[%emt 0:00:00]} Nxe5 {[%emt 0:00:00]} 22. Rd6 {[%emt 0:00:01]} a5 {[%emt 0:00:59]} 23. Ra6 {[%emt 0:00:02]} g5 {[%emt 0:00:11]} 24. Rxa5 {[%emt 0:00:03]} f6 {[%emt 0:00:13]} 25. Rb5 {[%emt 0:00:02]} Ng4 {[%emt 0:00:09]} 26. a5 {[%emt 0:00:04]} f5 {[%emt 0:00:02]} 27. Bb7 {[%emt 0:00:03]} Nf6 {[%emt 0:00:28]} 28. a6 {[%emt 0:00:03]} Nd5 {[%emt 0:00:01]} 29. Bxd5 {[%emt 0:00:05]} exd5 {[%emt 0:00:00]} 30. a7 {[%emt 0:00:01]} f4 {[%emt 0:00:08]} 31. Rb8 {[%emt 0:00:02]} f3 {[%emt 0:00:00]} 32. Rxf8+ {[%emt 0:00:04] maten3coups abandonne} 1-0

[Event "TOP16-LaBourdannais"]
[Site "TOP16-LaBourdannais"]
[Date "2021.01.09"]
[Round "3"]
[White "amiralfio"]
[Black "Lyon-YOUNES"]
[Result "1-0"]
[WhiteElo "1790"]
[BlackElo "1620"]
[Annotator "NA RC"]
[PlyCount "139"]
[EventDate "2021.01.09"]
[EventType "blitz"]

1. d4 {[%emt 0:00:24]} g6 {[%emt 0:00:04]} 2. c4 {[%emt 0:00:02]} Bg7 {[%emt 0:00:01]} 3. Nc3 {[%emt 0:00:01]} d6 {[%emt 0:00:01]} 4. e4 {[%emt 0:00:01]} e5 {[%emt 0:00:02]} 5. Nf3 {[%emt 0:00:09]} Nc6 {[%emt 0:00:03]} 6. d5 {[%emt 0:00:35]} Nd4 {[%emt 0:00:03]} 7. h3 {[%emt 0:00:11]} c5 {[%emt 0:00:28]} 8. Nb5 {[%emt 0:00:17]} Nf6 {[%emt 0:00:34]} 9. Bd3 {[%emt 0:00:11]} O-O {[%emt 0:00:10]} 10. O-O {[%emt 0:00:07]} Nxb5 {[%emt 0:00:16]} 11. cxb5 {[%emt 0:00:03]} Nh5 {[%emt 0:00:01]} 12. Bg5 {[%emt 0:00:18]} f6 {[%emt 0:00:10]} 13. Bd2 {[%emt 0:00:17]} g5 {[%emt 0:00:15]} 14. Nxg5 {[%emt 0:01:08]} Qe8 {[%emt 0:00:07]} 15. Ne6 {[%emt 0:00:05]} Bxe6 {[%emt 0:00:04]} 16. dxe6 {[%emt 0:00:00]} f5 {[%emt 0:00:19]} 17. e7 {[%emt 0:00:19]} Rf6 {[%emt 0:00:12]} 18. Bg5 {[%emt 0:00:38]} fxe4 {[%emt 0:00:14]} 19. Bxe4 {[%emt 0:00:02]} Nf4 {[%emt 0:00:07]} 20. Bxf6 {[%emt 0:00:08]} Bxf6 {[%emt 0:00:02]} 21. Qxd6 {[%emt 0:00:05]} Ne2+ {[%emt 0:00:20]} 22. Kh1 {[%emt 0:00:10]} Qxe7 {[%emt 0:00:04]} 23. Qxe7 {[%emt 0:00:17]} Bxe7 {[%emt 0:00:00]} 24. Bxb7 {[%emt 0:00:01]} Rb8 {[%emt 0:00:01]} 25. Bc6 {[%emt 0:00:21]} Kg7 {[%emt 0:00:01]} 26. a4 {[%emt 0:00:02]} Nd4 {[%emt 0:00:06]} 27. Rfe1 {[%emt 0:00:03]} Kf6 {[%emt 0:00:03]} 28. Bd5 {[%emt 0:00:05]} Nc2 {[%emt 0:00:04]} 29. Rac1 {[%emt 0:00:05]} Nxe1 {[%emt 0:00:01]} 30. Rxe1 {[%emt 0:00:00]} Rd8 {[%emt 0:00:03]} 31. Be4 {[%emt 0:00:23]} Rd4 {[%emt 0:00:02]} 32. b3 {[%emt 0:00:02]} h6 {[%emt 0:00:03]} 33. Re2 {[%emt 0:00:01]} Bd6 {[%emt 0:00:03]} 34. g3 {[%emt 0:00:01]} Rb4 {[%emt 0:00:02]} 35. Bd5 {[%emt 0:00:03]} Rd4 {[%emt 0:00:02]} 36. Bc4 {[%emt 0:00:01]} h5 {[%emt 0:00:04]} 37. Kg2 {[%emt 0:00:02]} h4 {[%emt 0:00:02]} 38. gxh4 {[%emt 0:00:07]} Rxh4 {[%emt 0:00:02]} 39. Rd2 {[%emt 0:00:01]} Ke7 {[%emt 0:00:38]} 40. Rd5 {[%emt 0:00:11] amiralfio reconnected.} e4 {[%emt 0:00:09]} 41. Kf1 {[%emt 0:00:01]} Rxh3 {[%emt 0:00:03]} 42. Rg5 {[%emt 0:00:02]} Kf6 {[%emt 0:00:05]} 43. Rg2 {[%emt 0:00:02]} Bf4 {[%emt 0:00:04]} 44. Ke2 {[%emt 0:00:01]} Rc3 {[%emt 0:00:03]} 45. Rg4 {[%emt 0:00:01]} Kf5 {[%emt 0:00:03]} 46. Rg8 {[%emt 0:00:01]} Rc2+ {[%emt 0:00:02]} 47. Kf1 {[%emt 0:00:01]} Ke5 {[%emt 0:00:03]} 48. Rg7 {[%emt 0:00:02]} Rc1+ {[%emt 0:00:09]} 49. Kg2 {[%emt 0:00:01]} Rc2 {[%emt 0:00:01]} 50. Re7+ {[%emt 0:00:08]} Kd4 {[%emt 0:00:07]} 51. Rd7+ {[%emt 0:00:02]} Kc3 {[%emt 0:00:09]} 52. Rf7 {[%emt 0:00:03]} Be3 {[%emt 0:00:05]} 53. Rxa7 {[%emt 0:00:09]} Rxf2+ {[%emt 0:00:03]} 54. Kg3 {[%emt 0:00:01]} Rf5 {[%emt 0:00:09]} 55. Re7 {[%emt 0:00:06]} Kd4 {[%emt 0:00:02]} 56. b6 {[%emt 0:00:04]} Rg5+ {[%emt 0:00:10]} 57. Kh3 {[%emt 0:00:01]} Rg6 {[%emt 0:00:04]} 58. b7 {[%emt 0:00:04]} Bf4 {[%emt 0:00:02]} 59. a5 {[%emt 0:00:02]} Ke3 {[%emt 0:00:04]} 60. Bd5 {[%emt 0:00:07]} Rh6+ {[%emt 0:00:08]} 61. Kg4 {[%emt 0:00:01]} Rg6+ {[%emt 0:00:03]} 62. Kf5 {[%emt 0:00:02]} Rg5+ {[%emt 0:00:02]} 63. Ke6 {[%emt 0:00:01]} Re5+ {[%emt 0:00:02]} 64. Kd6 {[%emt 0:00:05]} Kd4 {[%emt 0:00:11]} 65. Rxe5 {[%emt 0:00:02]} Bxe5+ {[%emt 0:00:00]} 66. Kc6 {[%emt 0:00:01]} Bb8 {[%emt 0:00:06]} 67. a6 {[%emt 0:00:05]} e3 {[%emt 0:00:05]} 68. Bc4 {[%emt 0:00:01]} Kc3 {[%emt 0:00:05]} 69. Kb6 {[%emt 0:00:01]} Kd2 {[%emt 0:00:05]} 70. a7 {[%emt 0:00:01] Lyon-YOUNES resigns} 1-0

[Event "TOP16-LaBourdannais"]
[Site "TOP16-LaBourdannais"]
[Date "2021.01.09"]
[Round "3"]
[White "SFeller"]
[Black "MeMouss"]
[Result "1/2-1/2"]
[WhiteElo "1620"]
[BlackElo "2021"]
[Annotator "TA"]
[PlyCount "88"]
[EventDate "2021.01.09"]
[EventType "blitz"]
[BlackTeam "Vandoeuvre"]

{[%evp 16,88,30,13,35,38,56,56,59,48,55,75,63,60,66,47,47,55,68,41,35,35,46,56,37,48,95,22,23,0,0,0,0,-8,0,0,-4,-5,0,0,0,0,0,0,0,0,0,0,0,-20,-20,-21,-21,-20,-21,-21,-21,-21,-21,-21,0,-7,-7,-8,0,0,0,0,0,-10,0,0,0,-10,0]} 1. d4 d5 2. c4 c6 3. Nf3 Nf6 4. Nc3 dxc4 5. a4 Bf5 6. e3 e6 7. Bxc4 Bb4 8. O-O Nbd7 9. Qe2 Ne4 {D18: Slav Defence: 5 a4 Bf5 6 e3.} 10. Bd3 Ndf6 11. Qc2 {[%cal Rc3e4]} Nxc3 {White is slightly better.} 12. bxc3 Bxd3 13. Qxd3 Be7 {[#]} 14. c4 $146 ({Predecessor:} 14. e4 O-O 15. c4 Qc7 16. Bg5 h6 17. Bh4 Nh5 18. Bxe7 Qxe7 19. Rab1 Rfd8 20. Qe3 {½-½ (38) Meduna,E (2397)-Gibiec,E (2173) Pardubice 2013}) 14... O-O 15. Rd1 Qc7 16. e4 Rfd8 17. Bg5 h6 18. Bh4 Nh5 19. Bxe7 Qxe7 20. a5 b6 21. Rdb1 (21. e5 $16) 21... Qc7 $11 22. e5 {Hoping for Qe3.} Nf4 {The position is equal.} 23. Qe4 Ng6 24. Rb3 Rab8 25. axb6 axb6 26. Rab1 Ne7 27. g3 c5 28. dxc5 Qxc5 29. Rb5 Qc7 30. Kg2 Rdc8 31. Nd2 Nc6 32. Nf1 Na5 33. Ne3 Nxc4 34. Nxc4 Qxc4 35. Qxc4 Rxc4 36. Rxb6 Rxb6 37. Rxb6 {[%mdl 4096] Endgame KR-KR} Re4 38. f4 Re2+ 39. Kh3 h5 40. Rb7 g6 41. Ra7 Kg7 42. Rb7 Kg8 43. Ra7 Kg7 44. Rb7 Kg8 {Weighted Error Value: White=0.07/Black=0.05} 1/2-1/2

[Event "TOP16-LaBourdannais"]
[Site "TOP16-LaBourdannais"]
[Date "2021.01.09"]
[Round "4"]
[White "Lasker69"]
[Black "Yvesandre2"]
[Result "0-1"]
[WhiteElo "2507"]
[BlackElo "2331"]
[Annotator "NA RC"]
[PlyCount "106"]
[EventDate "2021.01.09"]
[EventType "blitz"]

1. d4 {[%emt 0:00:19]} Nf6 {[%emt 0:00:02]} 2. c4 {[%emt 0:00:01]} g6 {[%emt 0:00:01]} 3. Nc3 {[%emt 0:00:01]} d5 {[%emt 0:00:01]} 4. cxd5 {[%emt 0:00:01]} Nxd5 {[%emt 0:00:00]} 5. e4 {[%emt 0:00:01]} Nxc3 {[%emt 0:00:01]} 6. bxc3 {[%emt 0:00:01]} Bg7 {[%emt 0:00:00]} 7. Bc4 {[%emt 0:00:02]} c5 {[%emt 0:00:01]} 8. Ne2 {[%emt 0:00:02]} Nc6 {[%emt 0:00:01]} 9. Be3 {[%emt 0:00:02]} O-O {[%emt 0:00:01]} 10. O-O {[%emt 0:00:01]} Bg4 {[%emt 0:00:01]} 11. f3 {[%emt 0:00:02]} Bd7 {[%emt 0:00:00]} 12. d5 {[%emt 0:00:27]} Ne5 {[%emt 0:01:19]} 13. Bb3 {[%emt 0:00:05]} Qa5 {[%emt 0:00:02]} 14. a4 {[%emt 0:01:55]} c4 {[%emt 0:00:38]} 15. Bc2 {[%emt 0:00:02]} e6 {[%emt 0:00:02]} 16. Bd4 {[%emt 0:00:39]} exd5 {[%emt 0:00:34]} 17. f4 {[%emt 0:00:03]} Nc6 {[%emt 0:01:21]} 18. Bxg7 {[%emt 0:00:09]} Kxg7 {[%emt 0:00:00]} 19. exd5 {[%emt 0:00:01]} Qc5+ {[%emt 0:00:01]} 20. Kh1 {[%emt 0:00:04]} Ne7 {[%emt 0:00:01]} 21. Nd4 {[%emt 0:00:12]} Nxd5 {[%emt 0:00:09]} 22. Qf3 {[%emt 0:00:10]} Nf6 {[%emt 0:00:50]} 23. f5 {[%emt 0:00:05]} b6 {[%emt 0:00:27]} 24. Rae1 {[%emt 0:00:10]} Rad8 {[%emt 0:00:16]} 25. Qf4 {[%emt 0:00:24]} h6 {[%emt 0:00:17]} 26. fxg6 {[%emt 0:00:19]} fxg6 {[%emt 0:00:01]} 27. Qg3 {[%emt 0:00:08]} Qg5 {[%emt 0:00:04]} 28. Qxg5 {[%emt 0:00:30]} hxg5 {[%emt 0:00:00]} 29. Re5 {[%emt 0:00:13]} Ng4 {[%emt 0:00:08]} 30. Re7+ {[%emt 0:00:03]} Kh6 {[%emt 0:00:00]} 31. Rfe1 {[%emt 0:00:10]} Rde8 {[%emt 0:00:06]} 32. Rxe8 {[%emt 0:00:05]} Rxe8 {[%emt 0:00:00]} 33. Rxe8 {[%emt 0:00:02]} Bxe8 {[%emt 0:00:02]} 34. Kg1 {[%emt 0:00:03]} Ne3 {[%emt 0:00:03]} 35. Kf2 {[%emt 0:00:05]} Nxc2 {[%emt 0:00:01]} 36. Nxc2 {[%emt 0:00:01]} Bxa4 {[%emt 0:00:00]} 37. Ne3 {[%emt 0:00:01]} Bb3 {[%emt 0:00:03]} 38. Ke2 {[%emt 0:00:04]} Kg7 {[%emt 0:00:04]} 39. Nd5 {[%emt 0:00:05]} Kf7 {[%emt 0:00:03]} 40. Kf3 {[%emt 0:00:02]} Ke6 {[%emt 0:00:08]} 41. Ke4 {[%emt 0:00:02]} Kd6 {[%emt 0:00:06]} 42. Kd4 {[%emt 0:00:02]} b5 {[%emt 0:00:04]} 43. Nf6 {[%emt 0:00:08]} Bc2 {[%emt 0:00:04]} 44. g3 {[%emt 0:00:03]} a5 {[%emt 0:00:02]} 45. Ke3 {[%emt 0:00:02]} b4 {[%emt 0:00:05]} 46. Kd2 {[%emt 0:00:03]} Bf5 {[%emt 0:00:02]} 47. Nh7 {[%emt 0:00:06]} g4 {[%emt 0:00:02]} 48. Nf6 {[%emt 0:00:05]} Ke5 {[%emt 0:00:05]} 49. Ne8 {[%emt 0:00:02]} b3 {[%emt 0:00:03]} 50. Kc1 {[%emt 0:00:02]} a4 {[%emt 0:00:00]} 51. Kb2 {[%emt 0:00:01]} Ke4 {[%emt 0:00:01]} 52. Nd6+ {[%emt 0:00:03]} Kd3 {[%emt 0:00:01]} 53. Nf7 {[%emt 0:00:02]} a3+ {[%emt 0:00:04] Lasker69 resigns} 0-1

[Event "TOP16-LaBourdannais"]
[Site "TOP16-LaBourdannais"]
[Date "2021.01.09"]
[Round "4"]
[White "PositionalChess"]
[Black "amiralfio"]
[Result "1/2-1/2"]
[WhiteElo "2194"]
[BlackElo "1807"]
[Annotator "TA"]
[PlyCount "61"]
[EventDate "2021.01.09"]
[EventType "blitz"]

{[%evp 12,61,2,0,0,0,21,48,40,14,31,0,55,0,0,0,0,0,-3,-1,0,0,0,-2,-5,0,0,0,0,0,50,40,57,2,31,31,52,19,18,0,0,0,0,0,24,0,0,0,24,0,0,0]} 1. e4 e5 2. Nf3 Nc6 3. Bb5 a6 4. Bxc6 dxc6 5. O-O Bg4 6. h3 Bh5 7. g4 Bg6 {C68: Ruy Lopez: Exchange Variation, sidelines.} 8. Nxe5 f6 {Recently 8...Bd6 got a lot of attention.} 9. Nxg6 hxg6 {White is slightly better.} 10. Kg2 g5 11. d3 {[#]} (11. Nc3 {seems wilder.} Qd7 12. d4 O-O-O 13. f4 gxf4 14. Bxf4 g5 15. Be3) 11... Bd6 $146 (11... Ne7 $11) ({Predecessor:} 11... Ne7 12. Be3 Ng6 13. f3 Bd6 14. Nc3 Bf4 15. Bf2 Qd6 16. Ne2 O-O-O 17. Qe1 Rxh3 18. Kxh3 {0-1 (51) Rolletschek,H (2300)-Opl,K (2330) Austria 1998}) 12. Nd2 (12. d4 $1 $14) 12... Ne7 $11 13. Nc4 Ng6 14. Nxd6+ Qxd6 15. Rh1 O-O-O 16. Be3 c5 17. b3 Qe5 18. Kf1 Rh7 19. Rb1 b6 20. Qf3 Kb7 21. Qf5 Qe8 22. a4 ({Better is} 22. f4 $1 $14) 22... Rh6 {[#] Strongly threatening ...Nh4.} 23. Qf3 $1 Ne5 24. Qe2 Qe6 25. Kg2 Ng6 26. f3 Rdh8 27. a5 Nh4+ ({Of course not} 27... bxa5 $6 28. Ra1 $16) 28. Kf2 Ng6 29. Kg2 Nh4+ ({Much worse is} 29... bxa5 $6 30. Ra1 $16) 30. Kf2 Ng6 31. Kg2 {Weighted Error Value: White=0.11/Black=0.13} 1/2-1/2

[Event "TOP16-LaBourdannais"]
[Site "TOP16-LaBourdannais"]
[Date "2021.01.09"]
[Round "4"]
[White "Soumcouy"]
[Black "ProfTerrieux"]
[Result "0-1"]
[WhiteElo "2085"]
[BlackElo "2433"]
[Annotator "TA"]
[PlyCount "128"]
[EventDate "2021.01.09"]
[EventType "blitz"]

{[%evp 9,128,-1,0,0,16,6,8,0,0,0,0,0,-9,-13,-13,-34,6,-4,0,-25,-22,-167,-13,-11,-10,-42,-24,-42,-27,-27,-24,-39,-30,-115,-25,-25,-10,-24,-24,-22,-15,-54,0,-33,-30,-31,-30,-41,-27,-55,-27,-197,-87,-112,-83,-259,-53,-50,-16,-283,-283,-485,-500,-446,-387,-691,-672,-658,-656,-1209,-640,-771,-691,-691,-691,-691,-691,-691,-691,-691,-691,-691,-691,-691,-684,-683,-674,-2385,-239,-224,-222,-231,-231,-231,0,-5093,-5035,-1239,-596,-120,-128,-668,-658,-643,-625,-610,-589,-29978,-29979,-29978,-29980,-29980,-29980,-29980,-29981,-29981,-29982,-29983,-29984,-29986,-29987]} 1. d4 d5 2. Nf3 Nf6 3. e3 c5 4. c3 Nc6 5. Nbd2 cxd4 6. exd4 {D05: Colle System with ...e6.} Bg4 {has lost popularity (6...Qc7).} 7. h3 Bh5 8. Be2 {The position is equal.} e6 9. O-O Bd6 10. Ne5 {Black must now prevent Nxc6.} Bxe2 11. Qxe2 O-O 12. f4 {[#]} Nd7 $146 ({Predecessor:} 12... Qe7 13. Ndf3 Ne4 14. Nd2 f5 15. Nxe4 fxe4 16. Bd2 Rab8 17. Qg4 Rbe8 18. Be3 Nd8 {1-0 (35) Munkh Erdene,O-Le,Q (1669) Ulaanbaatar 2016}) 13. Ndf3 Nf6 14. Be3 Ne4 15. Nd2 (15. Bf2 $11 {and White is okay.}) 15... f5 $2 (15... Ng3 $19 16. Qb5 Nxf1 17. Rxf1 Qe8) 16. Nxe4 $11 fxe4 17. g4 Qe7 18. Rf2 Rac8 19. Raf1 a6 20. Rg2 Qc7 21. g5 (21. h4 $11 {keeps the balance.}) 21... Nxe5 ({Black should play} 21... Ne7 $17 22. g6 h6) 22. fxe5 Rxf1+ 23. Qxf1 {[#]} Rf8 $1 24. Qe2 {Strongly threatening Qg4.} Be7 25. Qg4 Qd7 (25... Rf5 $15) 26. Rf2 (26. g6 {keeps more tension.} hxg6 27. Qxg6 Rf7 28. c4 dxc4 29. Qxe4 Rf5 30. h4) 26... Rxf2 27. Kxf2 g6 28. c4 dxc4 29. Qxe4 Qd5 (29... Qb5 $5 {[%cal Rb5b2]} 30. Qc2 Qd5 $11) 30. Qg4 (30. Qxd5 $11 exd5 31. Bd2) 30... b5 (30... c3 $1 $19 {[%cal Rc3b2]} 31. bxc3 Qxa2+ 32. Kg3 a5) 31. a3 a5 32. h4 $2 {[#]} (32. Bd2 $17 {is a better defense.}) 32... b4 $2 (32... c3 $1 $19 {[%cal Rc3b2]} 33. bxc3 Bxa3) 33. axb4 $15 axb4 34. Qd1 $2 {[%mdl 8192]} (34. Qf3 $11) 34... Qe4 $19 35. Qa4 $2 (35. Qf1 {was called for.} Qxh4+ 36. Kf3) 35... Qxh4+ 36. Ke2 {White wants to play Qe8+.} Qg4+ 37. Kd2 $2 (37. Kf2 Qf5+ 38. Ke2) 37... Qg2+ 38. Ke1 Kf7 39. Qd7 Qd5 40. Qc7 Qe4 41. Kf2 c3 42. bxc3 b3 43. d5 {Black should prevent d6.} Qxd5 {aiming for ...b2.} 44. c4 Qd8 45. Qb7 Qd3 46. Bc5 Qf5+ {[%mdl 64] Double Attack} 47. Kg2 Qxg5+ 48. Kf2 Qf4+ $2 (48... b2 49. Ke2 Qxe5+ 50. Be3 Qh5+ 51. Kd2 Qa5+ 52. Kc2 Qf5+ 53. Kxb2 Qe5+ {[%mdl 64] Double Attack} 54. Kc2 Qxe3) 49. Kg2 Qg4+ 50. Kf2 Qh4+ 51. Kg2 Qg5+ $2 (51... h5 52. Bd6 b2 53. Qxb2 Qg4+ 54. Kh2 Qf4+ 55. Kg2 Qg4+ 56. Kh1 Qd1+ 57. Kg2 Bxd6 58. exd6 Qxd6 59. Qb7+ Kf6 60. Qf3+ Ke7 61. Qb7+ Kf6 62. Qf3+ Ke7 63. Qb7+ Kf6) 52. Kf2 $1 b2 53. Bxe7 Qxe7 (53... Qf5+ $142 54. Kg3 Qxe5+ 55. Kf3 Qc3+ 56. Kf2 Qd2+ 57. Kg3 Qd3+ 58. Kg2 b1=Q 59. Bb4+ Kf6 60. Qe7+ Kf5 61. Qf7+ Kg4 62. Qxe6+ Kh5 63. Qe5+ g5 64. Qe8+ Qg6 65. Qe2+ g4 66. Qe5+ Qg5 67. Qh2+ Kg6 68. Qd6+ Qf6 69. Qxf6+ Kxf6 70. Bd6 Qc2+ 71. Kg3 Kf5 72. c5 h5 73. Be7 Qe2 74. Bh4 Qf1 75. Kh2 Kf4 76. Bg5+ Kf3 77. Bh6 g3#) 54. Qxb2 {[%mdl 4096] Endgame KQ-KQ} Qc5+ 55. Kf3 $2 {[%mdl 8192]} (55. Kg3 $17) 55... Qxc4 56. Qb7+ Kg8 {And now ...Qd5+ would win.} 57. Qb8+ Kg7 58. Qd6 Qd5+ {Black mates.} 59. Kf4 Qxd6 60. exd6 Kf6 61. Ke4 h5 62. Kd4 Kf7 63. Kc5 Ke8 64. Kc6 {[#]} Kd8 $1 {Weighted Error Value: White=0.81/Black=0.59} ({Don't go for} 64... h4 $2 65. Kc7 $18) 0-1